[Event "AUTO-ADV-1354"]
[Site "http://www.queenalice.com/game.php?id=598741"]
[Date "2009.6.5"]
[Round "1"]
[White "xGMxUELTON"]
[Black "prmntgen"]
[Result "0-1"]
[WhiteElo "1679"]
[BlackElo "1787"]

1. d4 d5 2. c4 e6 3. Nc3 Nf6 4. Bg5 Be7 5. Nf3 Nc6 6. e3 O-O 7. Bxf6 Bxf6 8.
cxd5 exd5 9. Bb5 Bd7 10. Nxd5 Nb8 11. Nxf6+ Qxf6 12. Bxd7 Nxd7 13. O-O Qd8 14.
Qb3 Qc8 15. Rac1 h6 16. Rc2 Nf6 17. Rfc1 c6 18. Ne5 Qe6 19. Qxb7 Qxa2 20. Nxc6
Kh7 21. f4 Nd5 22. Ne5 Rab8 23. Qc6 Rxb2 24. Rxb2 Qxb2 25. Rf1 Qa2 26. g4 a5 27.
Nc4 Rd8 28. Rc1 a4 29. Ne5 f6 30. Nf7 Rf8 31. Qe6 Qb3 32. Qf5+ Kg8 33. Nxh6+
gxh6 34. Qe6+ Kh8 35. Re1 Nc7 36. Qe7 Qf7 37. Qb4 Ra8 38. Ra1 Qb3 39. Qe7 Nd5
40. Qd6 Qxe3+ 41. Kf1 Qxd4 42. Qc6 Qxa1+ 43. Kg2 Qb2+ 44. Kg1 Qb6+ 45. Qxb6 Nxb6
46. Kg2 a3 47. Kh3 a2 48. Kh4 a1=Q 49. h3 Qe1+ 50. Kh5 Kh7 51. f5 Nd5 52. g5
Nf4+ 53. Kg4 Ra4 54. gxf6 Qe2+ 55. Kh4 Ng6+ 56. Kg3 Ra3# 0-1

[Event "AUTO-ADV-1354"]
[Site "http://www.queenalice.com/game.php?id=598742"]
[Date "2009.6.5"]
[Round "1"]
[White "prmntgen"]
[Black "xGMxUELTON"]
[Result "1/2-1/2"]
[WhiteElo "1855"]
[BlackElo "1662"]

1. d4 e6 2. c4 c5 3. e3 cxd4 4. exd4 Bb4+ 5. Nd2 Nf6 6. a3 Qa5 7. Bd3 Nc6 8. Nf3
d5 9. O-O Be7 10. Nb3 Qd8 11. cxd5 Nxd5 12. Ne5 Nxe5 13. dxe5 O-O 14. Qh5 g6 15.
Qg4 f6 16. exf6 Nxf6 17. Qe2 b6 18. Rd1 Qc7 19. Bg5 Nd5 20. Bxe7 Qxe7 21. Be4
Nf4 22. Qe3 Rb8 23. Nd4 Bb7 24. Bxb7 Rxb7 25. b4 Qg5 26. Qf3 Rd7 27. Ne2 Rxd1+
28. Rxd1 Nxe2+ 29. Qxe2 Qf5 30. Re1 e5 31. f3 Re8 32. Qc4+ Qe6 33. Qxe6+ Rxe6
34. Re4 Kf7 35. Kf2 Kf6 36. Rc4 Rd6 37. Rc7 Rd2+ 38. Kg3 h5 39. Rxa7 Kg5 40. h4+
Kf5 41. Rb7 Rd3 42. Rxb6 Rxa3 43. Rb5 Rb3 44. Kf2 Rb2+ 45. Kg1 Kf4 46. Rb6 Kg3
47. Rxg6+ Kxh4 48. Rb6 Kg3 49. Rg6+ Kf4 50. Rb6 h4 51. Kh2 Kg5 52. Rb8 Kf4 53.
b5 e4 54. fxe4 Kxe4 55. b6 Kd5 56. b7 Kc6 57. Kh3 Rb4 58. Rh8 Kxb7 59. Rxh4 Rb3+
60. Kg4 Kc7 61. Kf5 Rg3 62. Rg4 Ra3 63. Rg7+ Kd6 64. g4 Ra5+ 65. Kf6 Re5 66. g5
Re6+ 67. Kf7 Re7+ 68. Kf8 Re6 69. g6 Rf6+ 70. Kg8 Ke6 71. Kh7 Rf5 72. Kg8 Rg5
73. Kh7 Rh5+ 1/2-1/2

[Event "AUTO-ADV-1354"]
[Site "http://www.queenalice.com/game.php?id=598743"]
[Date "2009.6.5"]
[Round "1"]
[White "xGMxUELTON"]
[Black "Magger"]
[Result "0-1"]
[WhiteElo "1641"]
[BlackElo "1778"]

1. d4 d5 2. c4 c6 3. Nc3 g6 4. cxd5 cxd5 5. Nf3 Bg7 6. Bf4 Nc6 7. e3 a6 8. Be2
Bf6 9. O-O e6 10. Rc1 Nge7 11. Ne5 Nxe5 12. Bxe5 Bxe5 13. dxe5 Nc6 14. f4 b5 15.
Nxb5 axb5 16. Rxc6 O-O 17. a3 Qa5 0-1

[Event "AUTO-ADV-1354"]
[Site "http://www.queenalice.com/game.php?id=598744"]
[Date "2009.6.5"]
[Round "1"]
[White "Magger"]
[Black "xGMxUELTON"]
[Result "1-0"]
[WhiteElo "1767"]
[BlackElo "1652"]

1. e4 e6 2. d4 d5 3. Bd3 Be7 4. Nf3 Bd7 5. Ne5 Nf6 6. Nxf7 Kxf7 7. e5 Ne4 8.
Qf3+ Ke8 9. Bxe4 dxe4 10. Qxe4 Bc6 11. Qg4 Kf7 12. Nc3 Rf8 13. Be3 Kg8 14. Qxe6+
Kh8 15. Qg4 Na6 16. a3 Qd7 17. e6 Qe8 18. d5 Bf6 19. dxc6 1-0

[Event "Challenge"]
[Site "http://www.queenalice.com/game.php?id=599507"]
[Date "2009.6.6"]
[Round "-"]
[White "paloberto"]
[Black "xGMxUELTON"]
[Result "0-1"]
[WhiteElo "1744"]
[BlackElo "1672"]

1. e4 e6 2. d4 d5 3. Nc3 Bb4 4. Bd2 c5 5. e5 cxd4 6. Nxd5 Bxd2+ 7. Qxd2 Qxd5 8.
Nf3 Nc6 9. b3 Nxe5 10. Be2 Nxf3+ 11. Bxf3 Qe5+ 12. Kf1 Ne7 13. Qb4 d3 14. Re1
dxc2 15. Qc4 Qb2 16. Be4 O-O 17. Bxc2 Qxa2 18. Qe4 b6 19. Bd1 Ba6+ 20. Kg1 Rfd8
21. g3 Rab8 22. f3 Bb7 23. Qe3 Nd5 24. Qg5 Nc3 25. Qc1 Nxd1 26. Rxd1 Bxf3 27.
Rxd8+ Rxd8 0-1

[Event "AUTO-INT-1375"]
[Site "http://www.queenalice.com/game.php?id=618139"]
[Date "2009.7.13"]
[Round "1"]
[White "adilson_camargo"]
[Black "xGMxUELTON"]
[Result "1-0"]
[WhiteElo "1753"]
[BlackElo "1630"]

1. d4 c6 2. c4 d5 3. e3 Nf6 4. Nc3 e6 5. Nf3 Be7 6. a3 O-O 7. b4 dxc4 8. Bxc4 b5
9. Bb3 Bb7 10. O-O Na6 11. e4 Qc7 12. e5 Nd5 13. Nxd5 cxd5 14. Bg5 Rac8 15. Bxe7
Qxe7 16. Qd3 Rc6 17. Qxb5 Rfc8 18. Qd3 1-0

[Event "AUTO-INT-1375"]
[Site "http://www.queenalice.com/game.php?id=618140"]
[Date "2009.7.13"]
[Round "1"]
[White "xGMxUELTON"]
[Black "adilson_camargo"]
[Result "0-1"]
[WhiteElo "1619"]
[BlackElo "1764"]

1. Nf3 Nc6 2. d4 d5 3. c4 e6 4. Nc3 Bb4 5. Bg5 Nf6 6. e3 Bxc3+ 7. bxc3 h6 8.
Bxf6 Qxf6 9. cxd5 exd5 10. Bb5 O-O 11. Qb3 Rd8 12. Bxc6 Qxc6 13. O-O Be6 14.
Rab1 b6 15. Ne5 Qd6 16. f4 f6 17. Ng6 Bf5 0-1

[Event "AUTO-INT-1375"]
[Site "http://www.queenalice.com/game.php?id=618155"]
[Date "2009.7.13"]
[Round "1"]
[White "daga2008"]
[Black "xGMxUELTON"]
[Result "1-0"]
[WhiteElo "1615"]
[BlackElo "1696"]

1. e4 c6 2. Bc4 d5 3. exd5 cxd5 4. Bd3 Nc6 5. Qf3 e5 6. Bb5 Nf6 7. h3 Bc5 8.
Bxc6+ bxc6 9. d3 O-O 10. Qg3 Nh5 11. Qf3 Qf6 12. Qxf6 Nxf6 13. a3 e4 14. Be3 Bb6
15. Bxb6 axb6 16. dxe4 Nxe4 17. h4 Re8 18. Ne2 Ba6 19. h5 Nc5 20. Nc3 d4 21. b4
dxc3 22. O-O-O 1-0

[Event "AUTO-INT-1375"]
[Site "http://www.queenalice.com/game.php?id=618156"]
[Date "2009.7.13"]
[Round "1"]
[White "xGMxUELTON"]
[Black "daga2008"]
[Result "0-1"]
[WhiteElo "1717"]
[BlackElo "1594"]

1. Nf3 f6 2. d4 e6 3. b3 c5 4. Ba3 b6 5. e3 cxd4 6. Bxf8 Kxf8 7. Qxd4 Nc6 8. Qf4
e5 9. Qg3 g6 10. Bd3 Nge7 11. Qh4 Qe8 12. Qxf6+ Qf7 13. Qxh8+ Ng8 14. Nxe5 Nxe5
15. Qxe5 Bb7 16. O-O Qd5 17. Qxd5 Bxd5 18. Nc3 Bc6 19. Be4 Bxe4 20. Nxe4 Re8 0-1

[Event "AUTO-INT-1375"]
[Site "http://www.queenalice.com/game.php?id=618165"]
[Date "2009.7.13"]
[Round "1"]
[White "califkid"]
[Black "xGMxUELTON"]
[Result "1-0"]
[WhiteElo "1750"]
[BlackElo "1677"]

1. d4 c6 2. Nf3 g6 3. e4 d5 4. e5 Bg4 5. Be2 f6 6. exf6 Nxf6 7. Ng5 Bxe2 8. Qxe2
Nbd7 9. Qe6 Qc7 10. Qf7+ Kd8 11. Ne6+ Kc8 12. Nxc7 Kxc7 13. O-O Re8 14. Qe6 Bg7
15. a4 Rhf8 16. c3 Ne4 17. f3 Rf6 18. Qh3 Nd6 19. Bg5 Rf5 20. Qg3 h6 21. Bf4 g5
22. Bxd6+ 1-0

[Event "AUTO-INT-1375"]
[Site "http://www.queenalice.com/game.php?id=618166"]
[Date "2009.7.13"]
[Round "1"]
[White "xGMxUELTON"]
[Black "califkid"]
[Result "0-1"]
[WhiteElo "1664"]
[BlackElo "1763"]

1. Nf3 Nf6 2. d4 c5 3. d5 b5 4. b3 Bb7 5. c4 bxc4 6. bxc4 g6 7. Nc3 Bg7 8. Rb1
Qc7 9. g3 d6 10. Bh3 Ba6 11. O-O O-O 12. Nb5 Bxb5 13. Rxb5 Nbd7 14. Bg5 h6 15.
Be3 Ne4 16. Qc1 Nb6 17. Qc2 Nc3 18. Rb3 Nba4 19. Qc1 Nxe2+ 20. Kh1 Nxc1 21. Bxc1
f5 0-1

[Event "AUTO-OPEN-1493"]
[Site "http://www.queenalice.com/game.php?id=656214"]
[Date "2009.9.22"]
[Round "2"]
[White "Hermano"]
[Black "xGMxUELTON"]
[Result "0-1"]
[WhiteElo "1923"]
[BlackElo "1610"]

1. e4 e6 2. a3 Bc5 3. d4 Bb6 4. c4 c5 5. Be3 Ba5+ 6. Nc3 cxd4 7. Bxd4 Nf6 8. Bd3
Nc6 9. Bxf6 Qxf6 10. Qd2 Nd4 11. Qd1 Nc6 12. Ne2 Nd4 13. Nxd4 Qxd4 14. Rc1 O-O
15. b4 Bb6 16. c5 Bc7 0-1